000 00746 a2200205 4500
008 080820t xxu||||| |||| 00| 0 eng d
010 _aENG-84924
020 _a8131300056
_c595.00
035 _aEN-68457
037 _bD.B.Act / Pub
082 _a485
100 _aRaman, V.
245 _aLanguage and grammar in wittgenstein
_cby V. Raman
260 _aNew Delhi
_bA P H Publishing
_c2006.
270 _a5, Ansari Road, Darya Ganj
_bNew Delhi
_cDelhi
_e110002
300 _axii, 248 p.
_c22 cm. (Hb)
500 _aIncludes bibliographical references and index
942 _adpl
_cEN
_k485 / RAM
_2ddc
_h485
_mRAM
999 _c755
_d755